000 00511nam a2200169Ia 4500
003 GCL
008 140319s9999 xx 000 0 ara d
040 _aGCL /
_cGCL
082 0 4 _a796
_bف ر
100 1 _aفاروق عبدالوهاب
245 1 0 _aالرياضة صحة ولياقة بدنية /
_cفاروق عبدالوهاب
300 _a320 ص
490 _aالمكتبة الرياضية
_v0
650 0 4 _aالتربية البدنية
650 0 4 _aاللياقة البدنية
942 _2ddc
_cBK
999 _c44865
_d44865